000 00576cab a2200193 4500
001 ABS40739
008 090401t1989 xxu||||| |||| 00| 0 eng d
035 _a(Sirsi) u25815
041 _aeng
100 _aWilliams, J.
245 2 _aA wall that won`t fall
260 _c1989
350 _a0
490 _aBuilding Today
_v197(5805) 11 May 1989, 41-42(2)
520 _aGives guidance on the safe design of free-standing walls , which are not subject to the building regulations .
690 _aBUILT ENVIRONMENT-BUILDING PATHOLOGY
942 _n0
948 _c04/03/1997
999 _c17350
_d17350